| 000 | 00409nam a22001577a 4500 | ||
|---|---|---|---|
| 005 | 20241028151321.0 | ||
| 008 | 241028b |||||||| |||| 00| 0 eng d | ||
| 020 | _a9780863189784 | ||
| 050 |
_aRC87. _b5219 MAR |
||
| 245 | _aFirst Aid Manual | ||
| 250 | _a6th | ||
| 260 |
_aLondon _bDorling Kindersley _cc1992 |
||
| 300 | _a256p | ||
| 700 | _aThe St. John Ambulance Association and Brigade | ||
| 942 |
_2lcc _cBK _n0 |
||
| 999 |
_c293 _d293 |
||